00613nam a2200193Ia 4500952013100000999001700131003000400148005001700152008004100169020001800210040000900228082002200237100001600259245003900275260003300314300000900347650001300356942005000369 00102ddc40708SSaMESbMEScMALd2019-02-20g85.00l0o894.812301 VKN/Ep34946r2019-02-20 00:00:00w2019-02-20yBKzGR31R1 c29721d29721OSt20201228120440.0190216s9999||||xx |||||||||||||| ||und|| a9788126418497 coclc a894.812301bVKN/E aV K N96953 0aEnte Priyapetta Kathakal /cV K N  bDc Books,c2010.a Kottayam: a158p aKathakal cBK2ddch894.812301iVKN/Ek894.812301mVKN/E